Language Quiz

Random Language or Letter Quiz
Score 0/30 Timer 08:00
1 Play Today
% Correct
honeymoon
96%
Halloween
96%
hexagon
95.9%
horizon
95.4%
happen
95.3%
hymn
94.8%
human
94.7%
hangman
94.6%
harpoon
94.4%
hasten
93.3%
hydrogen
93.1%
heartburn
92.7%
haven
92.5%
handmaiden
92.3%
heroin
91.8%
% Correct
hyphen
90.9%
hemoglobin
90.9%
hooligan
90.3%
hoedown
89.6%
herculean
88.9%
heron
87.4%
heathen
84.6%
harlequin
81%
highfalutin
77.7%
hawthorn
77.5%
hamantaschen
76.8%
hobgoblin
76.4%
halcyon
64.7%
harridan
58.3%
hogan
53.5%
Remove Ads.
Support Sporcle.
Get the best of Sporcle when you Go Orange. This ad-free experience offers more features, more stats, and more fun while also helping to support Sporcle. Thank you for becoming a member.

You're not logged in!

Compare scores with friends on all Sporcle quizzes.
OR
Log In

Show Comments

Extras

Top Quizzes Today


Score Distribution

Your Account Isn't Verified!

In order to create a playlist on Sporcle, you need to verify the email address you used during registration. Go to your Sporcle Settings to finish the process.

Report this User

Report this user for behavior that violates our Community Guidelines.

Details: